000
00319nam a22001457a 4500
008
221107b ||||| |||| 00| 0 eng d
020
_a
9780198567974
041
_a
eng
080
_2
VOLUME 2
_a
61
082
_a
61 DAV
100
_a
4
101
_a
MJK
245
_a
CLINICAL NEPHROLOGY
_c
DAVISON A
942
_2
udc
_c
BK
999
_c
58775
_d
58775